Identidad y nación: el caso de la Costa Norte e Islas de la Bahía en Honduras, 1876-1930 /
Bewaard in:
| Hoofdauteur: | |
|---|---|
| Formaat: | Texto |
| Onderwerpen: | |
| Tags: |
Voeg label toe
Geen labels, Wees de eerste die dit record labelt!
|
MARC
| LEADER | 00000 a a2200000 04500 | ||
|---|---|---|---|
| 001 | 9578 | ||
| 003 | |||
| 040 | |||
| 100 | |a Payne Iglesias, Elizet | ||
| 245 | |a Identidad y nación: |b el caso de la Costa Norte e Islas de la Bahía en Honduras, 1876-1930 / |c Elizet Payne Iglesias | ||
| 650 | |a NACIONALIDAD | ||
| 650 | |a IDENTIDAD CULTURAL | ||
| 650 | |a HONDUREÑOS | ||
| 650 | |a ESTADO | ||
| 773 | |g volumen 22, número 42; páginas 75-103 | ||
| 999 | |c 26353 |d 26353 | ||
